000 00990nam a2200241Ia 4500
001 15863
003 GE_BSU
008 181216s||||||||xx |||||||||||||| ||und||
040 _cGE_BSU
080 _a82-93:821.353.1-11
100 _aჭელიძე, ოთარ
245 _aალხანა და ჩალხანა
245 _bპოემები
245 _cრედ.მინდია არაბული. მხ. ნ.ზაალიშვილი
260 _aთბილისი
260 _bნაკადული
260 _c1989
300 _a175გვ. : ილ. ; 22სმ.
653 _aალხანა და ჩალხანა
653 _aპოემები
653 _aშუშის ბიჭი; ლეგენდარული ჩანთა; თანდილა; თამარ მეფის საფლავი; ზღაპარი ელისა და მიწის კაცისა
942 _cBK
999 _c48960
_d48960